00333nam a2200133Ia 45000010005000000080041000050200022000460820021000681000022000892450019001112600027001309010027001579990015001842336241024s9999 xx 000 0 und d a978-9945-469-91-2 aRD/862.44/AB162j aDió-genes Abreu 0aLa Jorm Atenda bEditora Nacionalc2012 a9/8/2012 11:44:27 a.m. c7852d7852